Ameryka południowa ale po angielsku - Statystyki

Ogólne statystyki
  • Ten quiz został rozwiązany 20 razy
  • Średni wynik to 10 z 12
Odpowiedzi na mapie
Odpowiedzi zakodowano w zielono-czerwonej skali na mapie do tego quizu, zgodnie z poniższymi procentami.
 
Statystyki odpowiedzi
Odpowiedź % Poprawnych
Argentina
100%
Brazil
100%
Uruguay
93%
Venezuela
93%
Chile
86%
Paraguay
86%
Suriname
86%
Bolivia
79%
Colombia
79%
Ecuador
79%
Guyana
79%
Peru
79%
Nie znaleziono quizów pasujących do podanych kryteriów
Rozkład punktacji
Procent ludzi z każdym wynikiem
Percentyl według liczby udzielonych odpowiedzi
Twoja historia wyników
Nie rozwiązałeś tego quizu